Obligaciones dinerarias : (Registro nro. 5679)
[ vista simple ]
| 000 -LEADER | |
|---|---|
| fixed length control field | 01681nab a22002537a 4500 |
| 003 - CONTROL NUMBER IDENTIFIER | |
| control field | OSt |
| 005 - DATE AND TIME OF LATEST TRANSACTION | |
| control field | 20251226232039.0 |
| 008 - FIXED-LENGTH DATA ELEMENTS--GENERAL INFORMATION | |
| fixed length control field | 190603e xxum|||| |||| 00| 0 spa d |
| 040 ## - CATALOGING SOURCE | |
| Transcribing agency | PJ |
| 100 ## - MAIN ENTRY--PERSONAL NAME | |
| 9 (RLIN) | 1874 |
| Personal name | Paolantonio, Martín Esteban |
| 245 10 - TITLE STATEMENT | |
| Title | Obligaciones dinerarias : |
| Remainder of title | indexación y moneda extranjera desde la perspectiva del análisis económico del derecho y la libertad contractual / |
| Statement of responsibility, etc | Martín E. Paolantonio |
| 260 ## - PUBLICATION, DISTRIBUTION, ETC. (IMPRINT) | |
| Date of publication, distribution, etc | Ciudad Autónoma de Buenos Aires : |
| Place of publication, distribution, etc | Thomson Reuters La Ley, |
| Name of publisher, distributor, etc | 2025. |
| 300 ## - PHYSICAL DESCRIPTION | |
| Extent | p. 96-125 |
| 500 ## - GENERAL NOTE | |
| General note | Cita: TR LALEY AR/DOC/1759/2025 <br/>Publicado en: RCCyC 2025 (agosto). |
| 505 ## - FORMATTED CONTENTS NOTE | |
| Formatted contents note | Sumario: I. Introducción. Obligaciones de dar sumas de dinero y obligaciones dinerarias. Plan de trabajo.— II. La represión contractual como un derivado de la represión financiera.— III. El contenido de la represión contractual: indexación y moneda extranjera.— IV. La cuestión de los costos de transacción: introducción.— V. Deudas dinerarias en moneda extranjera: antecedentes y situación actual.— VI. Deudas dinerarias e indexación: antecedentes y situación actual.— VII. A modo de recapitulación y cierre. |
| 505 ## - FORMATTED CONTENTS NOTE | |
| Title | ¿Te interesa el texto completo? Solicitalo al correo: koha@justierradelfuego.gov.ar |
| 650 #0 - SUBJECT ADDED ENTRY--TOPICAL TERM | |
| 9 (RLIN) | 1497 |
| Topical term or geographic name as entry element | CODIGO CIVIL Y COMERCIAL |
| 650 #0 - SUBJECT ADDED ENTRY--TOPICAL TERM | |
| 9 (RLIN) | 2068 |
| Topical term or geographic name as entry element | OBLIGACIONES EN MONEDA EXTRANJERA |
| 650 #0 - SUBJECT ADDED ENTRY--TOPICAL TERM | |
| 9 (RLIN) | 530 |
| Topical term or geographic name as entry element | OBLIGACIONES DE DAR SUMAS DE DINERO |
| 650 #0 - SUBJECT ADDED ENTRY--TOPICAL TERM | |
| 9 (RLIN) | 3790 |
| Topical term or geographic name as entry element | ACTUALIZACIÓN MONETARIA |
| 650 #0 - SUBJECT ADDED ENTRY--TOPICAL TERM | |
| 9 (RLIN) | 6629 |
| Topical term or geographic name as entry element | MONEDA DE CURSO LEGAL |
| 773 0# - HOST ITEM ENTRY | |
| Host Biblionumber | 2713 |
| Host Itemnumber | 3170 |
| Place, publisher, and date of publication | Ciudad Autónoma de Buenos Aires : Thomson Reuters La Ley, 2015- |
| Title | Revista Código Civil y Comercial. Nº 4 - Agosto 2025 |
| 942 ## - ADDED ENTRY ELEMENTS (KOHA) | |
| Source of classification or shelving scheme | |
| Koha item type | Analítica Artículo de Revista |
No hay ítems disponibles.
